| 000 | 00338nam a22000977a 4500 | ||
|---|---|---|---|
| 008 | 130828b xxu||||| |||| 00| 0 eng d | ||
| 010 | _a HCCSF - 125 | ||
| 245 | _aHIGH COURT CIVIL SUIT NO.522 OF 1979 JASPHE BAKKO VS. UGANDA COMMERCIAL BANK | ||
| 260 |
_aUGANDA HGH COURT _c10TH JANUARY 1980 |
||
| 500 | _3BEFORE: THE HON. MR. JUSTICE W.F.M. KITYO | ||
| 999 |
_c5652 _d5652 |
||